000 01167njm a2200313Ia 4500
001 78401
003 IT-RoPAU
005 20220918181144.0
008 131025s9999 xx 000 0 und d
040 _aIT-RoPAU
040 _cIT-RoPAU
041 _aITALIANO
999 _c101468
_d101468
999 _bn.d.
100 _aDe Gregori Francesco
_95593
100 _eAutore musica
_925629
100 _gCodice autore musica SPICS: 1251
_95595
245 _aMira mare 19.4.89
250 _a1a ed.
260 _aMILANO
260 _bCBS ITALIANA
_c1989 [1a Ed.:1989 - Ed. Lingua Orig.: 1989]
300 _aDISCO
300 _c43 minuti (Testo: 0 pag.)
500 _aMusica leggera. Canzone italiana. Cantautore.
505 _aBambini venite parvulos - Miramare - Dottor Dobermann - Cose - Pentathlon - 300.000.000 di topi - Vento dal nulla - Carne di pappagallo - Lettera da un cosmodromo messicano
650 _aCANTAUTORI [DISCHI]
_eCodice MATERIA SPICS: 9950
_925630
700 _aDe Gregori Francesco
_eAutore testo e musica
_gCodice autore testo/musica SPICS: 1251
_925631
700 _aDe Gregori Francesco
_gCodice interprete SPICS: 1251
_eInterprete
_925632
942 _cMD
_2ddc